000 00311nam a2200121Ia 4500
008 151001s9999||||xx |||||||||||||| ||und||
100 _aचारुशीला भिडे
245 _aअनपेक्षित
250 _a1
260 _bदेविका
300 _a152
365 _b18
999 _c974267
_d974264